Biggest Cities on Islands - Extreme - Statistics

General Stats
  • This quiz has been taken 59 times
    56 since last reset
  • The average score is 34 of 60
Answer Stats
City Population (millions) Island(s) % Correct
Jakarta 10.9 Java
100%
London 9.4 Great Britain
100%
Manchester 2.8 Great Britain
100%
Manila 14.2 Luzon
100%
Taipei 2.7 Taiwan
100%
Tokyo 37.3 Honshū
100%
Port-au-Prince 2.8 Hispaniola
98%
Birmingham 2.6 Great Britain
96%
Havana 2.1 Cuba
96%
Liverpool 0.9 Great Britain
96%
Osaka 19.1 Honshū
96%
Santo Domingo 3.4 Hispaniola
96%
Dublin 1.2 Ireland
94%
Glasgow 1.7 Great Britain
94%
Leeds 1.9 Great Britain
92%
Antananarivo 3.5 Madagascar
88%
Nagoya 9.6 Honshū
88%
Auckland 1.6 North Island
87%
San Juan 2.4 Puerto Rico
87%
Sapporo 2.7 Hokkaido
87%
Singapore 5.9 Pulau Ujong (mostly)
83%
Copenhagen 1.4 Zealand and Amager
79%
Surabaya 3.0 Java
79%
Denpasar 1.0 Bali
77%
Palermo 0.9 Sicily
77%
Bandung 2.6 Java
73%
Hiroshima 2.1 Honshū
73%
Medan 2.4 Sumatra
71%
Fukuoka 5.5 Kyūshū
69%
Newcastle Upon Tyne 0.8 Great Britain
69%
Davao City 1.9 Mindanao
65%
Kaohsiung 1.5 Taiwan
56%
Southampton 0.9 Great Britain
52%
Makassar 1.6 Sulawesi
50%
Nottingham 0.8 Great Britain
50%
Sendai 2.3 Honshū
46%
Palembang 1.8 Sumatra
40%
Semarang 1.9 Java
38%
Tainan 0.9 Taiwan
38%
Taichung 1.3 Taiwan
37%
Cebu City 1.0 Cebu
35%
Haikou 1.9 Hainan
33%
Malang 0.9 Java
27%
Batam 1.6 Riau Islands
25%
Niigata 0.8 Honshū
17%
Taoyuan 2.3 Taiwan
17%
Bandar Lampung 1.1 Sumatra
15%
Bekasi 3.5 Java
15%
Zamboanga City 0.9 Mindanao
15%
Pekanbaru 1.2 Sumatra
13%
Tangerang 2.4 Java
13%
Bogor 1.2 Java
12%
Depok 2.8 Java
12%
Padang 1.0 Sumatra
12%
Samarinda 1.0 Borneo
12%
Shizuoka 2.9 Honshū
10%
Tasikmalaya 1.1 Java
6%
Antipolo 0.9 Luzon
4%
Cagayan De Oro 0.8 Mindanao
4%
Dasmarinas 0.8 Luzon
2%
No matching quizzes found
Score Distribution
Percent of People with Each Score
Percentile by Number Answered
Your Score History
You have not taken this quiz since the last reset